TEAMS IN THE AFL - Statistics

General Stats
  • This quiz has been taken 227 times
  • The average score is 11 of 18
Answer Stats
Answer % Correct
ADELAIDE CROWS
86%
BRISBANE LIONS
83%
COLLINGWOOD MAGPIES
75%
CARLTON BLUES
72%
FREMANTLE DOCKERS
71%
GEELONG CATS
71%
ESSENDON BOMBERS
64%
GOLD COAST SUNS
61%
GREATER WESTERN SYDNEY GIANTS
61%
PORT ADELAIDE POWER
60%
SYDNEY SWANS
56%
WEST COAST EAGLES
55%
NORTH MELBOURNE KANGAROOS
49%
HAWTHORN HAWKS
47%
RICHMOND TIGERS
44%
ST. KILDA SAINTS
43%
WESTERN BULLDOGS
40%
MELBOURNE DEMONS
22%
No matching quizzes found
Score Distribution
Percent of People with Each Score
Percentile by Number Answered
Your Score History
You have not taken this quiz